ARRUPE JESUIT UNIVERSITY

CORONAVIRUS -STOP THE SPREAD - CLEAN,DISINFECT,COVER

Competition and growth : (Record no. 127796)

MARC details
000 -LEADER
fixed length control field 01304cam a22003254a 4500
001 - CONTROL NUMBER
control field 13858937
003 - CONTROL NUMBER IDENTIFIER
control field ARRUPE
005 - DATE AND TIME OF LATEST TRANSACTION
control field 20180326120216.0
008 - FIXED-LENGTH DATA ELEMENTS--GENERAL INFORMATION
fixed length control field 050202s2005 maua b 001 0 eng
010 ## - LIBRARY OF CONGRESS CONTROL NUMBER
LC control number 2005042801
015 ## - NATIONAL BIBLIOGRAPHY NUMBER
National bibliography number GBA543814
Source bnb
016 7# - NATIONAL BIBLIOGRAPHIC AGENCY CONTROL NUMBER
Record control number 013205487
Source Uk
020 ## - INTERNATIONAL STANDARD BOOK NUMBER
International Standard Book Number 0262012189 (alk. paper)
035 ## - SYSTEM CONTROL NUMBER
System control number (OCoLC)ocm57625708
040 ## - CATALOGING SOURCE
Original cataloging agency DLC
Transcribing agency DLC
Modifying agency YDX
-- UKM
-- BAKER
-- PUL
-- NLGGC
-- DLC
042 ## - AUTHENTICATION CODE
Authentication code pcc
050 00 - LIBRARY OF CONGRESS CALL NUMBER
Classification number HD41
Item number .A37 2005
082 00 - DEWEY DECIMAL CLASSIFICATION NUMBER
Classification number 338.9/001
Edition number 22
084 ## - OTHER CLASSIFICATION NUMBER
Classification number 83.33
Source of number bcl
300 ## - PHYSICAL DESCRIPTION
Other physical details ill. ;
Dimensions 24 cm.
100 1# - MAIN ENTRY--PERSONAL NAME
Personal name Aghion, Philippe
9 (RLIN) 41028
245 10 - TITLE STATEMENT
Title Competition and growth :
Remainder of title reconciling theory and evidence /
Statement of responsibility, etc Philippe Aghion and Rachel Griffith.
260 ## - PUBLICATION, DISTRIBUTION, ETC. (IMPRINT)
Place of publication, distribution, etc Cambridge, Mass. :
Name of publisher, distributor, etc MIT Press,
Date of publication, distribution, etc c2005.
300 ## - PHYSICAL DESCRIPTION
Extent x, 104 p. :
440 #0 - SERIES STATEMENT/ADDED ENTRY--TITLE
Title Zeuthen lecture book series
9 (RLIN) 41029
504 ## - BIBLIOGRAPHY, ETC. NOTE
Bibliography, etc Includes bibliographical references (p. [89]-97) and index.
650 #0 - SUBJECT ADDED ENTRY--TOPICAL TERM
Topical term or geographic name as entry element Competition
General subdivision Government policy.
9 (RLIN) 41030
650 #0 - SUBJECT ADDED ENTRY--TOPICAL TERM
Topical term or geographic name as entry element Economic development.
9 (RLIN) 9273
700 1# - ADDED ENTRY--PERSONAL NAME
Personal name Griffith, Rachel.
9 (RLIN) 41031
906 ## - LOCAL DATA ELEMENT F, LDF (RLIN)
a 7
b cbc
c orignew
d 1
e ocip
f 20
g y-gencatlg
942 ## - ADDED ENTRY ELEMENTS (KOHA)
Source of classification or shelving scheme Library of Congress Classification
Koha item type Monograph ( Printed materials)
Holdings
Withdrawn status Lost status Source of classification or shelving scheme Damaged status Not for loan Collection code Home library Current library Shelving location Date acquired Total Checkouts Full call number Barcode Date last seen Price effective from Koha item type
    Library of Congress Classification     Main Collection ARRUPE LIBRARY ARRUPE LIBRARY Main Collection 26/03/2018   HD41 .A37 2005 46600001877 08/05/2018 26/03/2018 Monograph ( Printed materials)

 

Arrupe Library. PO Box MP320 Mt Pleasant, Harare, Zimbabwe
263 242 745411|librarian@aju.ac.zw